zpět

Detail výsledku týmu

Olomouc speciál, Olomouc

Datum a čas kvízu

31.5 Celkem bodů Celkový počet nahraných bodů na tomto kvízu bez doplňovacích otázek.
21. Pořadí na kvízu Konečné umístění týmu na tomto kvízu.

Zaznamenané odpovědi

# Otázka Odpověď Body Výsledky
1. První otázka bude mířit na ned... Queens of the Stone Age, Tom Morello 1
2. U letních festivalů ještě zůst... Pohoda Festival 1
3. Minulý týden bylo rozhodnuto o... Jižní Korea 1
4. Univerzita Palackého a její ob... Pedel 1
5. Své zastoupení na LOH v Paříži... judo, šerm, lukostřelba a veslování 1
6. Vyrazit na dovolenou k moři už... Baltské moře 1
7. Možná už jste někdy využili sl... cestovní agentury zájezdy přeprodávají, ale neorganizují 1
8. Kolik Čechů a Češek letos prav... D 1
9. Vysněná dovolená u moře se můž... Chobotnice z II. patra 1
10. Co by to bylo za českou dovole... 190 g 1